header

Swing extreme testing (Record no. 247588)

MARC details
000 -LEADER
fixed length control field 01256nam a2200325Ia 4500
082 04 - DEWEY DECIMAL CLASSIFICATION NUMBER
Classification number 005.1/4
100 1# - MAIN ENTRY--AUTHOR NAME
Personal name Lavers, Tim.
245 10 - TITLE STATEMENT
Title Swing extreme testing
260 ## - PUBLICATION, DISTRIBUTION, ETC. (IMPRINT)
Place of publication Birmingham, U.K. :
Name of publisher Packt Publishing Ltd.,
Year of publication 2008.
300 ## - PHYSICAL DESCRIPTION
Number of Pages vi, 306 p.
500 ## - GENERAL NOTE
General note Includes index.
650 #0 - SUBJECT ADDED ENTRY--TOPICAL TERM
Topical Term Computer software
Topical Term eXtreme programming.
Topical Term Java (Computer program language)
700 1# - ADDED ENTRY--PERSONAL NAME
Personal name Peters, Lindsay.
856 40 - ELECTRONIC LOCATION AND ACCESS
Uniform Resource Identifier http://site.ebrary.com/lib/rucke/Doc?id=10448338

No items available.

© 2026 Rongo University
Contact us: librarian | system librarian | Rongo university